[Event "Montigny le Bretonneux op 21st"]
[Site "Montigny le Bretonneux"]
[Date "2021.12.27"]
[Round "1"]
[White "Artieres, Michel"]
[Black "Ries, Antoine"]
[Result "1-0"]
[WhiteElo "1681"]
[BlackElo "1267"]
[PlyCount "29"]
[EventDate "2021.12.26"]
[EventType "swiss"]
[EventRounds "9"]
[EventCountry "FRA"]
[SourceTitle "EXT 2023"]
[Source "ChessBase"]
[SourceDate "2022.10.05"]
[SourceVersion "1"]
[SourceVersionDate "2022.10.05"]
[SourceQuality "1"]

1. e4 e5 2. Nf3 Nf6 3. d4 exd4 4. Nxd4 Nxe4 5. Bd3 Nf6 6. 0-0 Be7 7. Nf5 0-0 8. Nxe7+ Qxe7 9. Re1 Qd8 10. Bg5 d6 11. Nc3 Be6 12. Qf3 c6 13. Ne4 Bd5 14. Nxf6+ Qxf6 15. Qh3 1-0

[Event "Montigny le Bretonneux op 13th"]
[Site "Montigny le Bretonneux"]
[Date "2014.10.24"]
[Round "7"]
[White "Artieres, Michel"]
[Black "Billot, Daniel"]
[Result "0-1"]
[WhiteElo "1710"]
[BlackElo "1793"]
[PlyCount "74"]
[EventDate "2014.10.18"]
[EventType "swiss"]
[EventRounds "9"]
[EventCountry "FRA"]
[SourceTitle "EXT 2016"]
[Source "ChessBase"]
[SourceDate "2015.10.08"]
[SourceVersion "1"]
[SourceVersionDate "2015.10.08"]
[SourceQuality "1"]

1. e4 d5 2. exd5 Qxd5 3. Nc3 Qd6 4. d4 Nf6 5. Nf3 a6 6. Be3 Nc6 7. Qd2 Bf5 8. Nh4 Bg6 9. Be2 e6 10. Bf4 Qd7 11. Nxg6 hxg6 12. 0-0-0 0-0-0 13. Be3 Bb4 14. Bf3 Nd5 15. Bxd5 Bxc3 16. Qxc3 Qxd5 17. f3 Qxa2 18. b3 Qa3+ 19. Kd2 Nxd4 20. Bxd4 e5 21. Ke2 exd4 22. Rxd4 Rde8+ 23. Kf2 Qe7 24. Re4 Qf6 25. Qe3 Rxe4 26. Qxe4 Qb6+ 27. Kg3 f5 28. Qe5 Qf6 29. Qxf6 gxf6 30. h4 Kd7 31. Kf4 Ke6 32. Re1+ Kf7 33. g3 Rd8 34. c3 Rd3 35. Re3 g5+ 36. hxg5 fxg5+ 37. Kxf5 Rxe3 0-1